Normal view
MARC view
- Lub, Bor S
Entry Personal Name
001 - CONTROL NUMBER
- control field: 5919
003 - CONTROL NUMBER IDENTIFIER
- control field: OSt
005 - DATE AND TIME OF LATEST TRANSACTION
- control field: 20240213145944.0
008 - FIXED-LENGTH DATA ELEMENTS
- fixed length control field: 240213|| aca||aabn | a|a d
040 ## - CATALOGING SOURCE
- Original cataloging agency: OSt
- Transcribing agency: OSt
100 ## - HEADING--PERSONAL NAME
- Personal name: Lub, Bor S
670 ## - SOURCE DATA FOUND
- Source citation: Work cat.: (OSt)22: Lub, Bor S ., Rice production & utilization / , 1980.
